| 000 | 01306nam a2200325Ia 4500 | ||
|---|---|---|---|
| 003 | OSt | ||
| 005 | 20221006155939.0 | ||
| 006 | a|||||r|||| 00| 0 | ||
| 007 | ta | ||
| 008 | 221006b |||||||| |||| 00| 0 eng d | ||
| 020 |
_a9780415221696 _c _200.00 |
||
| 024 | _a43,916 | ||
| 037 |
_bGift, Embassy of Korea (Window on Korea) _cTextual |
||
| 040 |
_aEASL _cEASL _beng |
||
| 041 |
_2eng _aeng |
||
| 082 | _aX8(A):8.495, P1 | ||
| 100 |
_aKwon Seung-Ho _9671151 |
||
| 245 | 0 |
_aChaebol and labour in Korea _b The development of management strategy in Hyundai |
|
| 260 |
_aLondon _bRoutledge _c2001 |
||
| 300 |
_a217p. _ccm. |
||
| 490 |
_v KEL _aRoutledge/Asian Studies Association of Australia (ASAA) East Asia Series |
||
| 650 |
_a Big business - Korea - South - Case Studies _9671152 |
||
| 650 |
_a Conglomerate corporations - Korea - South - Case studies _9671153 |
||
| 650 |
_a Industrial management - Korea - South - Case studies _9671154 |
||
| 650 |
_a Industrial relations - Korea - South - Case studies _9671155 |
||
| 650 |
_aHyaendae Chonghup Sangsa - Korea - Management _9671156 |
||
| 700 |
_a O'Donnell Michael _9671157 |
||
| 942 |
_hX8(A):8.495, P1 _cTEXL _2CC |
||
| 999 |
_c1112008 _d1112008 |
||